Institustions and economies (Record no. 9698)
[ view plain ]
| 000 -LEADER | |
|---|---|
| fixed length control field | 00424cas a2200157 4500 |
| 008 - FIXED-LENGTH DATA ELEMENTS--GENERAL INFORMATION | |
| fixed length control field | 150512n eng u |
| 022 ## - INTERNATIONAL STANDARD SERIAL NUMBER | |
| International Standard Serial Number | 2232-1640 |
| 035 ## - SYSTEM CONTROL NUMBER | |
| System control number | (Sirsi) a189882 |
| 050 ## - LIBRARY OF CONGRESS CALL NUMBER | |
| Classification number | HA52.I4 |
| 245 ## - TITLE STATEMENT | |
| Title | Institustions and economies |
| 260 ## - PUBLICATION, DISTRIBUTION, ETC. | |
| Place of publication, distribution, etc. | Kuala Lumpur |
| Name of publisher, distributor, etc. | University of Malaya press |
| 310 ## - CURRENT PUBLICATION FREQUENCY | |
| Current publication frequency | Vol.5, No.2, 2013 |
| 362 ## - DATES OF PUBLICATION AND/OR SEQUENTIAL DESIGNATION | |
| Dates of publication and/or sequential designation | Vol.5, No.2, 2013 |
| 520 ## - SUMMARY, ETC. | |
| Summary, etc. | Global Economies |
| 650 ## - SUBJECT ADDED ENTRY--TOPICAL TERM | |
| Topical term or geographic name entry element | Global Economies |
| Withdrawn status | Lost status | Source of classification or shelving scheme | Damaged status | Not for loan | Home library | Current library | Shelving location | Total Checkouts | Full call number | Barcode | Date last seen | Copy number | Price effective from | Koha item type |
|---|---|---|---|---|---|---|---|---|---|---|---|---|---|---|
| Library of Congress Classification | Main Library | Main Library | Serials | HA52.I4 | 1640522013 | 08/12/2019 | 1 | 08/12/2019 | Periodical |